000 00800nam a2200301Ia 4500
001 10050
003 IT-RoPAU
008 130308s9999 xx 000 0 und d
040 _aIT-RoPAU
040 _cIT-RoPAU
041 _aITALIANO
100 _aAA.VV.
100 _gCodice Aut. SPICS: 12000
245 _aPiù belle canzoni di mezzo secolo (Le)-2
245 _bPiu' belle canzoni di mezzo Secolo (Le)-2
250 _a1a ed.
260 _aFOLIGNO/ROMA
260 _bCampi
260 _c1963 [1° Ed.:1963 - Ed.Ling.Originale:1963]
300 _a"512 p. (prefazione: no ; testo: 512)"
500 _aTesti di canzoni italiane dal 1900 al 1950
650 _aSCHEDE MUSICALI
650 _eCodice materia Spics: 7014
942 _cBK
957 _71
999 _c74671
_d74671
999 _bSI
999 _g1